SEDATION : A GUIDE TO PATIENT MANAGEMENT (Record no. 10652)

MARC details
000 -LEADER
fixed length control field 00366nam a22001577a 4500
003 - CONTROL NUMBER IDENTIFIER
control field SGT
020 ## - INTERNATIONAL STANDARD BOOK NUMBER
International Standard Book Number 978-0-323-05680-9
082 ## - DEWEY DECIMAL CLASSIFICATION NUMBER
Classification number 615.782
Item number S10M
100 ## - MAIN ENTRY--PERSONAL NAME
Personal name MALAMED,STANLEY.F
245 ## - TITLE STATEMENT
Title SEDATION : A GUIDE TO PATIENT MANAGEMENT
250 ## - EDITION STATEMENT
Edition statement 5TH
260 ## - PUBLICATION, DISTRIBUTION, ETC. (IMPRINT)
Place of publication, distribution, etc ST.LOUIS MISSOURI
Name of publisher, distributor, etc ELSEVIER
Year of Publication 2010
300 ## - PAGE DESCRIPTION
No. of Pages 608
650 ## - SUBJECT ADDED ENTRY--TOPICAL TERM
Topical term or geographic name as entry element DENTISTRY
942 ## - ADDED ENTRY ELEMENTS (KOHA)
Source of classification or shelving scheme Dewey Decimal Classification
Koha item type Books
Holdings
Withdrawn status Lost status Source of classification or shelving scheme Damaged status Not for loan Home library Current library Shelving location Date acquired Vendor Name Cost, normal purchase price SGTU Bill Number Total Checkouts Full call number Accession No. (Barcode) Date last seen Date last borrowed Bill Date Koha item type
    Dewey Decimal Classification     SGT Dental Library SGT Dental Library Reference Book 28/01/2017 AHUJA BOOK CO.(NEW DELHI) 7096.00 SGTU 7042 1 615.782, S10M FD7452 08/05/2025 07/05/2025   Books